000 004050000a22001090004500
773 0 _tRevista de Interpretación Bíblica Latinoamericana
100 1 _aCardoso, Nancy
245 1 0 _aSagrados cuerpos
300 _aNum. 38 (2001), Páginas 5-9
520 _aDios nos hizo cuerpos. Dios se hizo cuerpo. Se Encarnó. Cuerpo: imagen de Dios. Cuerpo: nuestro destino, destino de Dios. Esto es bueno
942 _cANA
999 _c52576
_d52576